000 01229cam a2200313 a 4500
999 _c27501
_d27501
001 2022747
003 OSt
005 20170208155128.0
008 910717r19911946ilua b 001 0 eng
010 _a 91172489
040 _aDLC
_cDLC
050 0 0 _aMT418
_b.B87 1990
082 0 0 _a788.9
_220
245 0 0 _aBrass anthology :
_ba collection of brass articles published in the Instrumentalist magazine from 1946 to 1990.
250 _a9th ed.
260 _aNorthfield, Ill. (200 Northfield Rd., Northfield) :
_bInstrumentalist Pub. Co.,
_c1991.
300 _a924 p. :
_bill. ;
_c30 cm.
490 1 _aAnthology series ;
_vv. 3
500 _aOn spine: Trumpet, trombone, euphonium, French horn, tuba.
504 _aIncludes bibliographical references and indexes.
650 0 _aBrass instruments
_xInstruction and study.
710 2 _aInstrumentalist Publishing Company.
730 0 _aInstrumentalist.
830 0 _aAnthology series (Evanston, Ill.) ;
_vv. 3.
906 _a7
_bcbc
_corignew
_d2
_encip
_f19
_gy-gencatlg
942 _2lcc
_cBOOKS
_hM 418 .I57 1991